| 000 | 00475nam a2200169 i 4500 | ||
|---|---|---|---|
| 001 | 60681 | ||
| 003 | ES-MaACL | ||
| 005 | 20230906164302.0 | ||
| 007 | t| | ||
| 008 | 031105s1973 sp ||||1| spa d | ||
| 100 | 1 |
_aEsteva Fabregat, Claudio. _948122 |
|
| 245 | 1 | 0 |
_aCultura y personalidad / _cClaudio Esteva Fabregat. |
| 260 |
_aBarcelona : _bA. Redondo, _c[1973] |
||
| 300 |
_a206 p. ; _c18 cm. |
||
| 650 |
_aPersonalidad y cultura. _9173671 |
||
| 852 |
_aES-MaACL _jC-54152 |
||
| 999 |
_c60681 _d60681 |
||